World Geography by letter S - Statistics

General Stats
  • This quiz has been taken 83 times
  • The average score is 13 of 15
Answer Stats
Hint Answer % Correct
Continent South America
100%
Largest City in Australia Sydney
99%
World's largest hot desert Sahara desert
97%
Country famous for ikea starting in it Sweden
97%
Country known for K-pop South Korea
96%
Highley developed Country in Southeast Asia Singapore
95%
Capital of the above Seoul
93%
This river supplies 1/2 of the water used in Paris Seine river
92%
Former name of Ho Chi Minh City Saigon
91%
More popular branch of Islam Sunni
85%
City with the world's busiest Port Shanghai
79%
Other branch of Islam Shia
76%
Indonesian island South of the Malay Peninsula Sumatra
71%
Former Communist Country in Eurasia Soviet Union
53%
Large Indonesian island South of the Philippines Sulawesi
43%
No matching quizzes found
Score Distribution
Percent of People with Each Score
Percentile by Number Answered
Your Score History
You have not taken this quiz